Submission to the Committee of Inquiry into Violence / HBD [Hauptbd.]
| Medienart: | Druck Buch |
|---|---|
| Sprache: | Englisch |
| Veröffentlicht: |
Wellington
1986
|
| In: |
Submission to the Committee of Inquiry into Violence
Jahr: 1986 |
| Bestand in Tübingen: | In Tübingen vorhanden. UB: KB 2 B 915-HBD |
| Verfügbarkeit prüfen: | HBZ Gateway |
| Subito Bestelldienst: | Jetzt bestellen. |
MARC
| LEADER | 00000cam a2200000 cc4500 | ||
|---|---|---|---|
| 001 | 1087445760 | ||
| 003 | DE-627 | ||
| 005 | 20220514113536.0 | ||
| 007 | tu | ||
| 008 | 890403s1986 xx ||||| 00| ||eng c | ||
| 035 | |a (DE-627)1087445760 | ||
| 035 | |a (DE-576)017445760 | ||
| 035 | |a (DE-599)BSZ017445760 | ||
| 035 | |a (OCoLC)310875665 | ||
| 040 | |a DE-627 |b ger |c DE-627 |e rakwb | ||
| 041 | |a eng | ||
| 245 | 0 | 0 | |a Submission to the Committee of Inquiry into Violence |n HBD |p [Hauptbd.] |c Dep. of Justice, Wellington, New Zealand |
| 264 | 1 | |a Wellington |c 1986 | |
| 300 | |a 218 S. | ||
| 336 | |a Text |b txt |2 rdacontent | ||
| 337 | |a ohne Hilfsmittel zu benutzen |b n |2 rdamedia | ||
| 338 | |a Band |b nc |2 rdacarrier | ||
| 583 | 1 | |a Archivierung prüfen |c 20200919 |f DE-640 |z 1 |2 pdager | |
| 773 | 1 | 8 | |a Submission to the Committee of Inquiry into Violence |w (DE-627)1087445701 |w (DE-576)017445701 |g HBD |q 1 |7 nnam |
| 951 | |a MV | ||
| ELC | |b 1 | ||
| LOK | |0 000 xxxxxcx a22 zn 4500 | ||
| LOK | |0 001 212832324X | ||
| LOK | |0 003 DE-627 | ||
| LOK | |0 004 1087445760 | ||
| LOK | |0 005 20150820100225 | ||
| LOK | |0 008 890403||||||||||||||||ger||||||| | ||
| LOK | |0 040 |a DE-21 |c DE-627 |d DE-21 | ||
| LOK | |0 852 |a DE-21 | ||
| LOK | |0 852 1 |c KB 2 B 915-HBD |9 00 | ||
| LOK | |0 935 |a krim | ||
| LOK | |0 939 |a 03-04-89 |b l01 | ||
| ORI | |a SA-MARC-krimdoka001.raw | ||
| SIG | |a UB: KB 2 B 915-HBD | ||
